000 00471nam a2200181Ia 4500
008 221030s9999 xx 000 0 und d
020 _a8122408710
041 _aEnglish
082 _a105.23
_bSri
100 _aC. M. Srivastava
245 0 _aScience of Engineering Materials
_cby C. M. Srivastava, C. Srinivasan
250 _a2nd
260 _bNew Age International Pub.
_aNew Delhi
_c1997
300 _a485
650 _aEE
700 _aC. Srinivasan
942 _cBK
999 _c3299
_d3299